Propuesta de plan estratégico 2013 - 2016 para la alcaldía el Rosario - Carazo.
Aborda la problemática que existe en el área de servicios municipales ya que presenta deficiente seguimiento para el monitoreo, ejecución y evaluación de las obras públicas que se ejecutan en diferentes sectores del municipio ya que esta área esta coordenada, dirigida y las tareas son ejecutad...
| Main Authors: | , |
|---|---|
| Other Authors: | |
| Format: | Tesis Section = Libro |
| Language: | Undetermined Spanish |
| Published: |
Managua
UNI
2013
|
| Subjects: |
| LEADER | 01158nam a2200241Ia 4500 | ||
|---|---|---|---|
| 008 | 240830s9999 xx 000 0 und d | ||
| 040 | |a BIBLIOTECA-RUSB/ M.Mon 658.4012 M385 | ||
| 041 | |a spa | ||
| 082 | |a M.Mon 658.4012 M385 | ||
| 100 | 1 | |a Martínez Nicaragua, Derling Ramón | |
| 100 | 1 | |b Cerda Cerda, Erick Antonio | |
| 245 | 1 | 0 | |a Propuesta de plan estratégico 2013 - 2016 para la alcaldía el Rosario - Carazo. |
| 260 | |a Managua |b UNI |c 2013 | ||
| 300 | |a 67 p. :il. | ||
| 502 | |a Tesis (Máster en Informática Aplicada con mención en Gestión Empresarial) - UNI, 2013. | ||
| 520 | 3 | |a Aborda la problemática que existe en el área de servicios municipales ya que presenta deficiente seguimiento para el monitoreo, ejecución y evaluación de las obras públicas que se ejecutan en diferentes sectores del municipio ya que esta área esta coordenada, dirigida y las tareas son ejecutadas solamente por un recurso humano. | |
| 650 | 7 | |a ADMINISTRACIÓN ESTRATÉGICA | |
| 650 | 7 | |b ANÁLISIS FODA | |
| 650 | 7 | |c PLAN ESTRATÉGICO | |
| 700 | 1 | |a Tutor: |b Machado Bello, Xiomara Argentina | |
| 942 | |c BK |2 ddc | ||
| 991 | |a TESIS | ||
| 999 | |c 19386 | ||